Clic Les neveux et nièces de Napoléon 1er - Statistiques

Statistiques générales
  • Ce quiz a été pris 12 fois
  • Le résultat moyen est 10 sur 38
Statistiques - réponses
Hint Extra Hint Réponse % Correct
Jérôme Napoléon Charles 1814-1847 Jérôme
60%
Jérôme 1823-1882 Jérôme
60%
Jérôme Napoléon 1805-1870 Jérôme
60%
Napoléon Louis 1804-1831 Louis
60%
Louis Napoléon 1808-1873 Louis
60%
Zénaïde 1801-1854 Joseph
50%
Charlotte 1802-1839 Joseph
50%
Charles-Lucien 1803-1857 Lucien
50%
Elisa Napoléone 1806-1869 Maria-Anna dite Elisa
50%
Achille 1801-1847 Maria-Annunziata dite Caroline
50%
Louis Lucien
1813-1891
Lucien
40%
Pierre Napoléon 1815-1881 Lucien
40%
Charles Henri 1811-1870 Jérôme
30%
Napoléon Charles 1802-1807 Louis
30%
Laetizia 1802-1859 Maria-Annunziata dite Caroline
30%
Mathilde Laetitia 1820-1904 Jérôme
20%
Constance 1823-1876 Lucien
20%
Antoine 1816-1877 Lucien
20%
Marie-Alexandrine 1818-1874 Lucien
20%
Paul 1809-1827 Lucien
20%
Jérôme-Charles 1810-1811 Maria-Anna dite Elisa
20%
Napoléon 1803 Maria-Anna dite Elisa
20%
Frédéric Napoléon 1814-1833 Maria-Anna dite Elisa
20%
Louise 1805-1889 Maria-Annunziata dite Caroline
20%
Napoléon 1798-1804 Maria-Paoletta dite Pauline
20%
Dermide Louis 1798-1804 Maria-Paoletta dite Pauline
20%
Napoléon Joseph 1822-1891 Jérôme
10%
Jenny 1811-1890 Jérôme
10%
Pauline 1813-1873 Jérôme
10%
Achille 1813-1819 Jérôme
10%
Charlotte-Philistine 1795-1865 Lucien
10%
Jeanne 1807-1829 Lucien
10%
Félix Napoléon 1798-1799 Maria-Anna dite Elisa
10%
Lucien 1803-1878 Maria-Annunziata dite Caroline
10%
Letizia 1804-1871 Lucien
0%
Christine-Egypta 1798-1847 Lucien
0%
Victoire-Gertrude 1797 Lucien
0%
Joseph 1806-1807 Lucien
0%
Aucun quiz correspondant
Distribution des résultats
% des personnes avec chaque résultat
Percentile par nombre de réponses
Votre historique - résultats
Vous n’avez pas pris ce quiz